Normal view
MARC view
- قنديل، يوسف... وآخرون؛ تقديم محمود إتيم
Entry Personal Name
001 - CONTROL NUMBER
- control field: 46292
003 - CONTROL NUMBER IDENTIFIER
- control field: JO-AjAnu
005 - DATE AND TIME OF LATEST TRANSACTION
- control field: 20230606081642.0
008 - FIXED-LENGTH DATA ELEMENTS
- fixed length control field: 230606|| aca||aabn | a|a d
040 ## - CATALOGING SOURCE
- Original cataloging agency: JO-AjAnu
- Transcribing agency: JO-AjAnu
100 ## - HEADING--PERSONAL NAME
- Personal name: قنديل، يوسف... وآخرون؛ تقديم محمود إتيم
670 ## - SOURCE DATA FOUND
- Source citation: Work cat.: (JO-AjAnu)23695: قنديل، يوسف... وآخرون؛ تقديم محمود إتيم, author, المكتبات ومراكز المعلومات في الأردن: الواقع والتحديات